Enciclopedia de tecnología química

Bibliographic Details
Main Authors: Raymond E., Kirk, Donald F. fothmer
Format: Section = Libro
Language:Undetermined
Spanish
Published: México Limusa 1998
Edition:1a.ed
Subjects:
LEADER 00539nam a2200205Ia 4500
008 240830s9999 xx 000 0 und d
020 |a 968-18-5576-0 
040 |a CEDOC FIQ-RUSB / Ref 660.03 R628 
041 |a spa 
082 |a Ref 660.03 R628 
100 1 |a Raymond E., Kirk 
100 1 |b Donald F. fothmer 
245 1 0 |a Enciclopedia de tecnología química 
250 |a 1a.ed 
260 |a México  |b Limusa  |c 1998 
300 |a 1493 p. :il 
650 7 |a QUIMICA INDUSTRIAL - DICCIONARIOS 
942 |c BK  |2 ddc 
991 |a TEXTO 
999 |c 13906